| 000 | 01023nam a2200277 4500 | ||
|---|---|---|---|
| 001 | 184312 | ||
| 003 | ES-MaACL | ||
| 005 | 20250903020416.0 | ||
| 008 | 150617s2007 sp ad |||| | spa d | ||
| 020 | _a978-84-205-5011-4 | ||
| 080 | _a51(035) | ||
| 100 | 1 |
_aMargalef Roig, Juan. _976611 |
|
| 245 | 1 | 0 |
_aMatemáticas al alcance de todos _b: (matemáticas sin demasiadas ecuaciones) / _cJuan Margalef Roig, Enrique Outerelo Domínguez. |
| 260 |
_aMadrid : _bPearson Alhambra, _c[2007] |
||
| 300 |
_aXI, 479 p. : _bil., gráf. ; _c21 cm. |
||
| 490 | 1 | _aAl alcance de todos | |
| 500 | _aÍndice. | ||
| 650 | 0 | 4 |
_aMatemáticas- _vObras de divulgación _914829 |
| 700 | 1 |
_aOuterelo Domínguez, Enrique. _987985 |
|
| 830 | 0 |
_aAl alcance de todos _9225060 |
|
| 852 |
_aES-MaACL _jA-13554 _9191308 _bR.150390 _cDEPO1 _dOlim: N-6554 _hDonación: Roberto Terán |
||
| 903 |
_9234544 _aTerán Martínez, Roberto _ednr |
||
| 942 |
_2udc _cMONOGRAFIA |
||
| 999 |
_c184312 _d184312 |
||